00502nam a22001337a 4500008004100000020001500041040005500056080002700111245013700138260004300275300001500318650001200333700002300345230601b |||||||| |||| 00| 0 eng d a9061937272 aNational Science LibrarycNational Science Library a612.84.014(082.2) bM2 aTechniques in clinical electrophysiology of vision: c/ Proceedings of the 19th I.S.C.E.V. Symposium, Horgen-Zurich, June 1-5, 1981 aLondon: bDr W Junk Publishers, c1982 axii, 523p. aScience aNiemeyer, G (Ed.)